Companies of the World Quiz Stats

 Plays Quiz not verified by Sporcle

Score 0/15 Timer 03:00
0 Plays Today
% Correct
United States
98.7%
Germany
98.6%
Japan
98%
United Kingdom
90.3%
South Korea
88.3%
Russia
71.1%
Brazil
60.4%
China
58.4%
% Correct
Australia
50.4%
Canada
45%
France
37.1%
Taiwan
27.8%
India
24.5%
Switzerland
23.4%
Italy
17.1%

You're not logged in!

Compare scores with friends on all Sporcle quizzes.
OR
Log In

Sporcle TV

Today on Sporcle TV


Watch our educational content, quiz creation guides, and fun videos on Sporcle TV.

Show Comments

Extras

Top Quizzes Today


Score Distribution

Your Account Isn't Verified!

In order to create a playlist on Sporcle, you need to verify the email address you used during registration. Go to your Sporcle Settings to finish the process.

Report this User

Report this user for behavior that violates our Community Guidelines.

Details: